Constitution development in India / (Record no. 143700)

MARC details
000 -LEADER
fixed length control field 00639nam a22001937a 4500
005 - DATE AND TIME OF LATEST TRANSACTION
control field 20170823120522.0
010 ## - LCCN (DPL NO)
LC control number ENG-119987
020 ## - INTERNATIONAL STANDARD BOOK NUMBER
International Standard Book Number 9789384782481
Terms of availability 250.00
035 ## - SYSTEM CONTROL NUMBER
System control number EN-103519
037 ## - SOURCE OF ACQUISITION
Source of stock number/acquisition DBAD/PUB
082 ## - DEWEY DECIMAL CLASSIFICATION NUMBER
Classification number 342.54
100 ## - MAIN ENTRY--PERSONAL NAME
Personal name Tiwari, M.P.
245 ## - TITLE STATEMENT
Title Constitution development in India /
Statement of responsibility, etc by M.P. Tiwari
260 ## - PUBLICATION, DISTRIBUTION, ETC. (IMPRINT)
Place of publication, distribution, etc Disha International Publishing House
Name of publisher, distributor, etc Delhi
Date of publication, distribution, etc 2016
270 ## - ADDRESS
Address F7, Gali No-1, Panchsheel Garden Extension, Naveen Shahadra
City Delhi
Postal code 1100032
300 ## - PHYSICAL DESCRIPTION
Extent viii,276p.
Dimensions 23cm(pbk)
500 ## - GENERAL NOTE
General note Includes bibliographical references and index
942 ## - ADDED ENTRY ELEMENTS (KOHA)
Source of classification or shelving scheme Dewey Decimal Classification
Item type English Books
Classification part 342.54
Call number suffix TIW
Holdings
Withdrawn status Lost status Not for loan Collection code Home library Current library Date acquired Source of acquisition Cost, normal purchase price Full call number Barcode Copy number Cost, replacement price Koha item type
      Non-fiction Patel Nagar Patel Nagar 23/08/2017 DBAD/PUB 250.00 342.54 TIW EN-103519 1 250.00 English Books

© Delhi Public Library
Hit Counter
free hit counter